The ABC of relativity

Uloženo v:
Podrobná bibliografie
Hlavní autor: Russell, Bertrand (Autor)
Médium: Kniha
Jazyk:angličtina
Vydáno: Nueva York Signet Sience Library 1958
Témata:
Tagy: Přidat tag
Žádné tagy, Buďte první, kdo vytvoří štítek k tomuto záznamu!

MARC

LEADER 00000nam a2200000 a 4500
001 UCZ6141
003 CL-VaPUC
008 951201e19580000US |||||||||||||||||eng|d
082 0 4 |a 530.11  |b RUS  |2 21 
100 0 |a Russell, Bertrand  |e author  |9 323650 
245 1 4 |a The ABC of relativity 
300 |a 144 p 
942 |c BK 
945 |d 19951201 00:00:00  |a cmena 
260 |a Nueva York  |b Signet Sience Library  |c 1958 
650 0 |a Relatividad  |9 269977 
650 0 |a Física   |9 227844 
650 0 |a Física matemática   |9 260981 
650 0 |a Gravitación   |9 332312 
583 |a last modification  |c 19951201 00:00:00  |k Rodrigo Vera 
999 |c 242397  |d 242395 
952 |0 0  |1 0  |4 0  |6 530_110000000000000_RUS_1958  |7 0  |8 P  |9 255296  |a BIBEDU  |b BIBEDU  |c BIBEDU_PB  |d 2019-11-19  |i 1600516  |o 530.11 RUS 1958  |p 1600516  |r 2024-01-25  |w 2019-11-19  |y BK  |k FIL